000 nam a22 7a 4500
999 _c55388
_d55388
003 OSt
005 20220810123416.0
008 220810b xxu||||| |||| 00| 0 eng d
040 _cIIMT UNIVERSITY
100 _aKHANNA, M.L
245 _aDYNAMICS
260 _aMEERUT
_bJAI PRAKASH
_c1962
300 _a478
942 _2ddc
_c09